Data Structures Through C (Record no. 11558)

MARC details
000 -LEADER
fixed length control field 00353nam a22001577a 4500
003 - CONTROL NUMBER IDENTIFIER
control field OSt
008 - FIXED-LENGTH DATA ELEMENTS--GENERAL INFORMATION
fixed length control field 220923b ||||| |||| 00| 0 eng d
082 ## - DEWEY DECIMAL CLASSIFICATION NUMBER
Classification number 005.133 BAD
100 ## - MAIN ENTRY--PERSONAL NAME
Personal name BALUJA,GS
245 ## - TITLE STATEMENT
Title Data Structures Through C
250 ## - EDITION STATEMENT
Edition statement Rep
260 ## - PUBLICATION, DISTRIBUTION, ETC. (IMPRINT)
Place of publication, distribution, etc New Delhi
Name of publisher, distributor, etc Dhanpat Rai
Date of publication, distribution, etc 2022
300 ## - PHYSICAL DESCRIPTION
Extent 651
650 ## - SUBJECT ADDED ENTRY--TOPICAL TERM
Topical term or geographic name as entry element BCA
942 ## - ADDED ENTRY ELEMENTS (KOHA)
Source of classification or shelving scheme Dewey Decimal Classification
Koha item type Text Books
942 ## - ADDED ENTRY ELEMENTS (KOHA)
-- 34
Holdings
Withdrawn status Lost status Source of classification or shelving scheme Damaged status Not for loan Collection code Home library Current library Date acquired Source of acquisition Currency Cost, normal purchase price Bill Number Total Checkouts Full call number Acc. no. / Barcode Date last seen Date last borrowed Actual Cost, discounted price Bill Date Koha item type
    Dewey Decimal Classification     BCA PIET C-LIBRARY PIET C-LIBRARY 15/09/2022 Kirti Praskshan IN Rupees 495.00 IN1024 6 005.133 BAD BC1964 08/05/2024 19/04/2024 381.15 15/09/2022 Text Books
    Dewey Decimal Classification     BCA PIET C-LIBRARY PIET C-LIBRARY 15/09/2022 Kirti Praskshan IN Rupees 495.00 IN1024 10 005.133 BAD BC1965 13/11/2025 11/11/2025 381.15 15/09/2022 Text Books
    Dewey Decimal Classification     BCA PIET C-LIBRARY PIET C-LIBRARY 15/09/2022 Kirti Praskshan IN Rupees 495.00 IN1024 9 005.133 BAD BC1966 24/12/2025 19/12/2025 381.15 15/09/2022 Text Books
    Dewey Decimal Classification     BCA PIET C-LIBRARY PIET C-LIBRARY 15/09/2022 Kirti Praskshan IN Rupees 495.00 IN1024 8 005.133 BAD BC1967 17/01/2024 04/01/2024 381.15 15/09/2022 Text Books
    Dewey Decimal Classification     BCA PIET C-LIBRARY PIET C-LIBRARY 15/09/2022 Kirti Praskshan IN Rupees 495.00 IN1024 10 005.133 BAD BC1968 24/12/2025 22/12/2025 381.15 15/09/2022 Text Books
    Dewey Decimal Classification     BCA PIET C-LIBRARY PIET C-LIBRARY 15/09/2022 Kirti Praskshan IN Rupees 495.00 IN1024 8 005.133 BAD BC1969 24/12/2025 22/12/2025 381.15 15/09/2022 Text Books
    Dewey Decimal Classification     BCA PIET C-LIBRARY PIET C-LIBRARY 15/09/2022 Kirti Praskshan IN Rupees 495.00 IN1024 8 005.133 BAD BC1970 10/10/2023 25/09/2023 381.15 15/09/2022 Text Books
    Dewey Decimal Classification     BCA PIET C-LIBRARY PIET C-LIBRARY 15/09/2022 Kirti Praskshan IN Rupees 495.00 IN1024   005.133 BAD BC1971 23/09/2022   381.15 15/09/2022 Text Books
    Dewey Decimal Classification     BCA PIET C-LIBRARY PIET C-LIBRARY 15/09/2022 Kirti Praskshan IN Rupees 495.00 IN1024 6 005.133 BAD BC1972 01/04/2025 20/03/2025 381.15 15/09/2022 Text Books
    Dewey Decimal Classification     BCA PIET C-LIBRARY PIET C-LIBRARY 15/09/2022 Kirti Praskshan IN Rupees 495.00 IN1024 11 005.133 BAD BC1973 30/12/2024 11/12/2024 381.15 15/09/2022 Text Books

Design & Developed by: PIET Central Library
R70 Miles Stone Pattikalyana Samalkha Panipat 132102
mail ID :- [email protected], Phone No:- 0180-2569700 Ex.216